00373nam a2200121Ia 45000010005000000080041000050820023000461000049000692450048001182600043001669010027002099990015002363725241024s9999 xx 000 0 und d aRD/551.97293/C778c aCooporación del Acueducto y Alcantarillado 0aCORAASAN, Construyendo soluciones 2012-2013 bSantiago, República Dominicanac2013 a28/2/2014 2:55:59 p.m. c8177d8177